| 000 | 01044nam0a22002531 4500 | ||
|---|---|---|---|
| 001 | rc\2688035 | ||
| 005 | 20230516115448.0 | ||
| 035 | _a(NLR Aleph) 006816337 | ||
| 090 |
_a6396693 _c6396693 |
||
| 100 | _a20110915d1933 |||y0rusy50 ca | ||
| 101 | 0 | _arus | |
| 102 | _aRU | ||
| 105 | _aae z ||||| | ||
| 200 | 1 |
_aЖелезнодорожный путь и путевые работы _eРуководство для низовых работников пути в вопросах и ответах _fК. И. Бондалетов _gПод ред. В. П. Крачковского |
|
| 210 |
_aМосква _aЛенинград _cЖелдориздат _d1933 _eМосква _gтип. "Пролет. слово" |
||
| 215 |
_aПереплет, 275, 1 с. объявл., 1 вкл. л. черт. _cил. _d27х19 см. |
||
| 700 | 1 |
_aБондалетов _bК. И. |
|
| 702 | 1 |
_aКрачковский _bВ. П. _4340 |
|
| 801 | 0 |
_aRU _bNLR _gpsbo |
|
| 801 | 1 |
_aRU _bELAR _2rusmarc |
|
| 852 |
_aNLR _j33-5/237 |
||
| 942 | _cBOOK | ||
| 980 | _aNB | ||